| 000 | 00524 a2200145 4500 | ||
|---|---|---|---|
| 082 | _a. | ||
| 100 |
_aHina Zafar _992317 |
||
| 245 |
_aTrusted Mobile Phone Applications on the cloud _cNazia Nawaz |
||
| 260 |
_aIslamabad _bNUST School of Electrical Engineering and Computer Science _c2011 |
||
| 300 |
_a,52 p. _b: ill _c; 27 cm. _eCD-ROM |
||
| 500 | _aSupervisor : Dr.Zahid Anwar, Mr.Qasim Rajpoot | ||
| 700 |
_aNazia Nawaz _992318 |
||
| 856 | _uhttp://10.250.8.41:8080/xmlui/handle/123456789/28826 | ||
| 942 |
_cPR _kBIT-9 HIN _2ddc |
||
| 999 |
_c10601 _d10601 |
||